Little Things - One Direction (All Lyrics) - Statistics

General Stats
  • This quiz has been taken 1,319 times
  • The average score is 280 of 325
Answer Stats
Little Things % Correct
I
99%
a
98%
you
98%
Bridge | Verse 2 You
98%
in
97%
the
97%
The
97%
to
97%
Verse 1 Your
97%
your
97%
And
96%
and
96%
it
96%
little
96%
love
96%
things
96%
all
95%
me
95%
of
95%
with
95%
it's
94%
be
93%
But
93%
but
93%
i'm
93%
I'm
93%
like
91%
my
91%
out
91%
these
90%
let
88%
up
87%
do
86%
for
86%
on
86%
just
85%
know
85%
never
85%
that
85%
makes
84%
sense
84%
slip
84%
When
84%
mouth
83%
tea
83%
they
83%
won't
83%
cup
82%
go
82%
hand
82%
can't
81%
mine
81%
sleep
81%
bed
80%
maybe
80%
Maybe
80%
oh
80%
without
80%
add
79%
fits
79%
if
79%
If
79%
made
79%
talk
79%
meant
77%
mind
77%
reason
77%
that's
76%
loved
75%
was
75%
much
73%
this
73%
want
73%
back
72%
jeans
71%
keep
71%
no
71%
you're
71%
cheeks
70%
how
70%
perfect
70%
those
70%
voice
70%
bottom
69%
dimples
69%
spine
69%
you've
69%
at
68%
conversations
68%
freckles
68%
smile
68%
them
68%
endlessly
67%
eyes
67%
secrets
67%
sound
67%
or
66%
tape
66%
into
65%
by
64%
I'll
64%
stomach
64%
true
64%
are
63%
weigh
63%
squeeze
62%
yourself
62%
thighs
61%
bear
60%
dots
60%
still
60%
joining
59%
you'll
58%
as
56%
crinkles
55%
have
55%
here
51%
treat
49%
darling
48%
Though
48%
right
46%
half
45%
I've
44%
Cause
40%
No matching quizzes found
Score Distribution
Percent of People with Each Score
Percentile by Number Answered
Your Score History
You have not taken this quiz